000 00703nam a22001815i 4500
001 161990
003 ES-MaACL
005 20230906212411.0
008 041026s1894 fr |||| | fre d
040 _aCAM
_bspa
_cCAM
100 1 _aPessonneaux, Émile.
_9131064
245 1 0 _aDictionnaire grec-français
_b: rédigé espécialement a l'usage des classes... /
_cpar Emile Pessonneaux.
250 _a5e éd. rev. et corr.
260 _aParis :
_bLibrairie Classique Eugène Belin, Bèlin Frères,
_c1894.
300 _aVI, [2], 1604 p. ;
_c25 cm.
650 4 _aLengua griega-
_vDiccionarios-
_xFrancés.
_9157111
852 _aES-MaACL
_jF-5654-5654 bis
_z-- Enc. pasta española
_z-- Enc. 1 t. en 2 v.
999 _c161990
_d161990